00576 2200181 4500001002100000005001500021035002000036007000300056008003900059082001000098084001800108100003700126245012800163260004500291300002900336600001400365856001500379INLIS00000000000905620260426095123 a0010-0426000001ta260426 | | |  a634.9 aR 634.9 AND a0 aAndi Salim Alkhudry / 19542510051 aAnalisis Kelayakan Usaha Tani Madu di Desa Pettanyamang Kecamatan Camba Kabupaten Maros /cAndi Salim Alkhudry / 1954251005 aMaros :bUniversitas Muslim Maros,c2024 a48 hlm :bIlusi ;c29 cm 4akehutanan aFapertahut